Napoli Top Scorers - Statistics

General Stats
  • This quiz has been taken 79 times
  • The average score is 10 of 25
Answer Stats
Country Goals Player (Answer) % Correct
Argentina 115 Diego Maradona
97%
Belgium 148 Dries Mertens
96%
Uruguay 104 Edinson Cavani
93%
Italy 122 Lorenzo Insigne
90%
Slovakia 121 Marek Hamsik
90%
Argentina 91 Gonzalo Higuain
74%
Nigeria 49 Victor Osimhen
72%
Poland 48 Arkadiusz Milik
64%
Brazil 96 Careca
61%
Poland 46 Piotr Zielinski
61%
Spain 82 Jose Callejon
59%
Argentina 48 Ezequiel Lavezzi
57%
Italy 89 Jose Altafini
22%
Italy 108 Attila Sallustro
17%
Italy 47 Andrea Carnevale
16%
Italy 44 Emanuele Calaio
14%
Sweden 51 Hasse Jeppson
13%
Italy 103 Antonio Vojak
12%
Italy 77 Giusuppe Savoldi
10%
Brazil 70 Cane
7%
Italy 40 Claudio Pellegrini
7%
Brazil 70 Luis Vinicio
7%
Italy 47 Amedeo Amadei
6%
Italy 41 Giancarlo Vitali
1%
Italy 42 Carlo Buscaglia
0%
No matching quizzes found
Score Distribution
Percent of People with Each Score
Percentile by Number Answered
Your Score History
You have not taken this quiz